000 00522nam a2200193Ia 4500
003 OSt
005 20221007083142.0
006 a|||||r|||| 00| 0
007 ta
008 221006b |||||||| |||| 00| 0 eng d
024 _a23,356
037 _cDissertations
040 _aFLL
_cFLL
_beng
041 _2eng
_aeng
100 _aSharma A.K.
245 0 _aIndependence of judiciary and section and appointment of judge in Supreme Court of India
942 _cDIS
_2CC
999 _c1169002
_d1169002